Normal view
MARC view
Entry Personal Name
001 - CONTROL NUMBER
- control field: 12308
003 - CONTROL NUMBER IDENTIFIER
- control field: OSt
005 - DATE AND TIME OF LATEST TRANSACTION
- control field: 20240507221605.0
008 - FIXED-LENGTH DATA ELEMENTS
- fixed length control field: 240507|| aca||aabn | a|a d
040 ## - CATALOGING SOURCE
- Original cataloging agency: OSt
- Transcribing agency: OSt
100 ## - HEADING--PERSONAL NAME
- Personal name: Moral, Angela P., author
670 ## - SOURCE DATA FOUND
- Source citation: Work cat.: (OSt): Aboga, Glorie Ann O., author 12307, Development of writing 'Baybayin' character translator mobile application /, 2016
